[Event "Aegean Open"]
[Site "Ikaros GRE"]
[Date "2001.07.07"]
[Round "1"]
[White "Vlahos,G"]
[Black "Shavtvaladze,N"]
[Result "0-1"]
[WhiteElo "2132"]
[BlackElo "2360"]

1.d4 Nf6 2.Bg5 c5 3.dxc5 Na6 4.Nd2 Nxc5 5.c3 b6 6.e3 Bb7 7.Ngf3 h6 8.Bh4 e6
9.Be2 Be7 10.O-O O-O 11.Ne5 d6 12.Nec4 b5 13.Na3 a6 14.c4 b4 15.Nc2 a5 16.Nd4 Qb6
17.Bf3 Rac8 18.Bxb7 Nxb7 19.Ne4 Nxe4 20.Bxe7 Rfe8 21.Bh4 Rxc4 22.Qg4 Ng5
23.f4 Nh7 24.f5 e5 25.Rf3 exd4 26.Rg3 Ng5 27.Bxg5 dxe3 28.Qxc4 e2+ 29.Be3 Rxe3
30.Qc8+ Re8+  0-1

[Event "2nd IM"]
[Site "Saint Lo FRA"]
[Date "2001.07.08"]
[Round "2"]
[White "Vavra,P1"]
[Black "Derieux,C"]
[Result "1-0"]
[WhiteElo "2463"]
[BlackElo "2264"]

1.d4 Nf6 2.Bg5 g6 3.Bxf6 exf6 4.c4 b5 5.cxb5 a6 6.e3 axb5 7.Bxb5 Bb4+ 8.Nc3 Bb7
9.Nf3 c5 10.O-O Qa5 11.a4 O-O 12.dxc5 Bxc3 13.bxc3 Na6 14.Qd6 Bxf3 15.gxf3 Rfc8
16.Qxf6 Rxc5 17.c4 Rf5 18.Qd6 Nc5 19.Rfd1 Qc3 20.Rac1 Qb2 21.Qd2 Qf6 22.f4 g5
23.Qd4 Qh6 24.Bxd7 Nxd7 25.Qxd7 Rf6 26.Qd5 Raa6 27.fxg5 Rg6 28.f4 Qh3 29.Qe4 h6
30.Rd8+ Kh7 31.Qd4 Raf6 32.Rc2 Qg4+ 33.Rg2 Qf3 34.Rg3 Qe2 35.gxf6 Rxg3+ 36.hxg3 Qe1+
37.Kg2 Qe2+ 38.Kh3 Qf1+ 39.Kh2 Qe2+ 40.Kh3 Qf1+ 41.Kh4 Qh1+ 42.Kg4 h5+  1-0

[Event "ch-BEL"]
[Site "Charleroi BEL"]
[Date "2001.07.09"]
[Round "3"]
[White "Winants,L"]
[Black "Cekro,E"]
[Result "1-0"]
[WhiteElo "2497"]
[BlackElo "2393"]

1.d4 Nf6 2.Bg5 d5 3.e3 Nbd7 4.Nf3 h6 5.Bh4 e6 6.c4 Be7 7.Nc3 O-O 8.Bd3 c5
9.O-O cxd4 10.exd4 dxc4 11.Bxc4 Nb6 12.Bb3 Bd7 13.Qd3 Bc6 14.Bc2 Nbd7 15.Rad1 Re8
16.Rfe1 Nf8 17.Ne5 Qa5 18.Bg3 Red8 19.Bf4 Be8 20.Qe3 N6h7 21.Be4 f6 22.Nf3 Rd7
23.Bc2 Bf7 24.Bb3 b5 25.Bg3 Bb4 26.Rc1 Rad8 27.Red1 Bxc3 28.bxc3 Qb6 29.h4 Ng6
30.a4 a6 31.Rb1 Qc6 32.Rdc1 Ne7 33.Qe2 Nf5 34.Bf4 Nf8 35.axb5 axb5 36.Bc2 Rb7
37.Be4 Rd5 38.Qb2 Ng6 39.Bh2 Qc4 40.Bxd5 exd5 41.Qa3 Kh7 42.Bg3 Qd3 43.Qb3 Qe4
44.Nh2 Qg4 45.Qc2 Ngxh4 46.Qd2 Qd1+ 47.Qxd1 Bg6 48.Qh5 Bxh5 49.Bxh4 Nxh4
50.Nf1 Nf5 51.Re1 Bg6 52.Rb3 Ne7 53.Ne3 Bd3 54.Ra3 Rd7 55.Rea1 Nf5 56.Nxf5 Bxf5
57.R3a2 Re7 58.Ra7 Rxa7 59.Rxa7 h5 60.g3 Kh6 61.Ra8 Bd3 62.Rh8+ Kg5 63.f3 g6
64.Kf2 Bc4 65.Rf8 Bb3 66.Rb8 Bc4 67.Rb6 Bd3 68.Re6 Kf5 69.Re1 Kg5 70.Rh1 Bc4
71.Ke3 Kf5 72.Rh2 Bb3 73.Kd2 Kg5 74.Rg2 Kf5 75.Rf2 Kg5 76.Rh2 Bc4 77.Rh1  1-0

[Event "Glorney Cup"]
[Site "Hyerois FRA"]
[Date "2001.07.09"]
[Round "3"]
[White "Buckley,S"]
[Black "Libiszewski,F"]
[Result "1/2-1/2"]
[WhiteElo "2268"]
[BlackElo "2280"]

1.d4 Nf6 2.Bg5 d5 3.Bxf6 exf6 4.e3 Be6 5.g3 Bd6 6.Bg2 c6 7.Ne2 O-O 8.O-O Nd7
9.Nd2 f5 10.Nb3 Nf6 11.Nbc1 Ne4 12.Nd3 Qe7 13.Re1 Rad8 14.c3 g6 15.Qc2 h5
16.Nef4 Bc8 17.f3 Nf6 18.h4 Kh7 19.Nf2 Qc7 20.Rac1 Rfe8 21.Bh3 Kg7 22.N2d3 Re7
23.b3 Rde8 24.Kf2 Ne4+ 25.Kg2 Nf6 26.Kf2 Ne4+  1/2-1/2

[Event "ch-NOR"]
[Site "Kristiansund NOR"]
[Date "2001.07.11"]
[Round "6"]
[White "Bae,T"]
[Black "Dannevig,O"]
[Result "1-0"]
[WhiteElo "2281"]
[BlackElo "2317"]

1.d4 Nf6 2.Bg5 d5 3.Nd2 c6 4.e3 Bf5 5.Bd3 Bxd3 6.cxd3 e6 7.Ngf3 h6 8.Bh4 Be7
9.O-O O-O 10.Ne5 Nfd7 11.Bxe7 Qxe7 12.Qb3 Nxe5 13.dxe5 c5 14.Rac1 Nc6 15.Nf3 Rac8
16.Qb5 Nb4 17.d4 cxd4 18.a3 Na6 19.exd4 Rc7 20.Nd2 Rfc8 21.Nb3 Nb8 22.Qd3 Qg5
23.f4 Qg4 24.Rxc7 Rxc7 25.f5 Rc4 26.h3 Qh4 27.fxe6 fxe6 28.Qg6 Qe7 29.Nc5 Nd7
30.Qxe6+ Qxe6 31.Nxe6 b5 32.h4 g6 33.Nd8 Nf8 34.Rf6 Kg7 35.Rf7+ Kg8 36.Rxa7 Rxd4
37.e6 Re4 38.e7 Nh7 39.Nc6 Nf6 40.Kf2 Kf7 41.Ra8 Ne8 42.Rb8 Rf4+ 43.Ke3 Rf6
44.Rc8 Nd6 45.Rf8+ Kg7 46.Nd4  1-0

[Event "PanAm Junior"]
[Site "Yucay PER"]
[Date "2001.07.13"]
[Round "7"]
[White "Prasca,R"]
[Black "Felgaer,R"]
[Result "0-1"]
[WhiteElo "2302"]
[BlackElo "2471"]

1.d4 Nf6 2.Bg5 c5 3.Bxf6 gxf6 4.d5 Qb6 5.Qc1 f5 6.c4 Bg7 7.Nc3 d6 8.e3 Nd7
9.Nf3 O-O 10.Bd3 Ne5 11.Nxe5 dxe5 12.Qc2 e6 13.O-O e4 14.Be2 Bd7 15.Rab1 Be5
16.Rfd1 Rfd8 17.a3 Qc7 18.g3 a6 19.Bf1 Rab8 20.Ne2 exd5 21.cxd5 Qd6 22.Nf4 b5
23.Bh3 c4 24.f3 Qh6 25.Bg2 exf3 26.Bxf3 Rbc8 27.Re1 a5 28.Bg2 b4 29.axb4 axb4
30.Qf2 Re8 31.Ne2 c3 32.bxc3 bxc3 33.Rb7 Rc7 34.Rxc7 Bxc7 35.Nxc3 Ba5 36.Rc1 Bb6  0-1

[Event "Dutch Open"]
[Site "Dieren NED"]
[Date "2001.07.17"]
[Round "1"]
[White "Algera,S"]
[Black "Hendriks,W"]
[Result "0-1"]
[WhiteElo "2067"]
[BlackElo "2321"]

1.d4 Nf6 2.Bg5 c5 3.Bxf6 gxf6 4.d5 Qb6 5.Qc1 f5 6.c3 d6 7.g3 Nd7 8.Nd2 Nf6
9.Bg2 Bd7 10.Nh3 e6 11.dxe6 fxe6 12.O-O O-O-O 13.b4 cxb4 14.cxb4+ Kb8 15.Qb2 Be7
16.Nc4 Qa6 17.Rfc1 Rc8 18.Na5 d5 19.Ng5 Rxc1+ 20.Rxc1 Rc8 21.Rxc8+ Bxc8 22.a3 Qb6
23.Nf7 Ng4 24.e3 Qc7 25.h3 Bf6 26.Qd2 Nxf2 27.Kxf2 Qxf7 28.Nb3 Be5 29.Qe2 Qc7
30.g4 fxg4 31.hxg4 Qc3 32.Qa2 b6 33.b5 Qc4 34.Bf3 Qxb5 35.Be2 Qa4 36.Bd1 Qc4
37.Be2 Qc3 38.a4 a5 39.Qb1 Qb4 40.Bd1 Qf8+ 41.Bf3 Qb4 42.Bd1 h5 43.Qg6 hxg4
44.Qxg4 Qxg4 45.Bxg4 Bd7  0-1

[Event "EuChJun Boys"]
[Site "Patras GRE"]
[Date "2001.07.18"]
[Round "3"]
[White "Guidarelli,L"]
[Black "Zvan,Z"]
[Result "1/2-1/2"]
[WhiteElo "2323"]
[BlackElo "2168"]

1.d4 Nf6 2.Bg5 d5 3.c3 e6 4.Nd2 Be7 5.e3 O-O 6.Bd3 Nbd7 7.f4 c5 8.Ngf3 h6
9.Bxf6 Nxf6 10.Ne5 Nd7 11.O-O Nxe5 12.dxe5 c4 13.Bc2 Qb6 14.Qe2 Qxb2 15.Rac1 Ba3
16.Nb1 f5 17.exf6 Rxf6 18.Rcd1 Kh8 19.e4 Bc5+ 20.Kh1 b6 21.Rd2 Qb5 22.Qh5 Bd7
23.e5 Be8 24.Qh3 Rf8 25.Qxe6 Bf7 26.Qg4 Rae8 27.Rf3 Bg8 28.h4 Re7 29.Qg3 Qe8
30.Re2 d4 31.cxd4 Bxd4 32.Nd2 b5 33.Rf1 b4 34.Nf3 Bc3 35.Bg6 Bf7 36.h5 Bxg6
37.hxg6 Kg8 38.Qg4 Qd7 39.f5 Qxf5 40.Qxc4+ Kh8 41.Nh2 Qc8 42.Rxf8+ Qxf8 43.Nf3 Qe8
44.Qa6 Re6 45.Qxa7 Qxg6 46.Qa8+ Kh7 47.Qe4 Qxe4 48.Rxe4 Kg6 49.g4 h5  1/2-1/2

[Event "Politiken Cup"]
[Site "Copenhagen DEN"]
[Date "2001.07.21"]
[Round "7"]
[White "Marder,S"]
[Black "Hvenekilde,J"]
[Result "1/2-1/2"]
[WhiteElo "2058"]
[BlackElo "2267"]

1.d4 Nf6 2.Bg5 g6 3.Bxf6 exf6 4.c4 f5 5.Nc3 Bg7 6.g3 O-O 7.e3 d6 8.Bg2 Nd7
9.Nge2 Re8 10.O-O a5 11.a3 c6 12.b4 axb4 13.axb4 Rxa1 14.Qxa1 Nb6 15.c5 Nc4
16.Rd1 Qe7 17.Kh1 Rd8 18.Qc1 d5 19.Re1 Be6 20.Nf4 Ra8 21.Re2 Qd8 22.Ra2 Rxa2
23.Nxa2 Qa8 24.Nc3 b6 25.b5 bxc5 26.bxc6 Qxc6 27.Ncxd5 Qa4 28.Nxe6 fxe6 29.Nf4 cxd4
30.exd4 Bxd4 31.Nxe6 Qa1 32.Qxa1 Bxa1  1/2-1/2

[Event "Heart of Finland Open"]
[Site "Jyvaskyla FIN"]
[Date "2001.07.21"]
[Round "7"]
[White "Paasikangas,J"]
[Black "Parkkinen,J"]
[Result "1/2-1/2"]
[WhiteElo "2315"]
[BlackElo "2118"]

1.d4 d5 2.Bg5 Nf6 3.Bxf6 exf6 4.e3 Bf5 5.Nf3 Bd6 6.Nbd2 c6 7.Nh4 Qd7 8.Nxf5 Qxf5
9.Bd3 Qe6 10.Qf3 Nd7 11.O-O-O O-O-O 12.Kb1 g6 13.g4 h5 14.h3 Rh6 15.c4 Rdh8
16.cxd5 cxd5 17.Rhg1 hxg4 18.hxg4 Kb8 19.Rc1 Nb6 20.Ka1 Rc8 21.Rxc8+ Nxc8
22.Nb1 Rh8 23.Nc3 Nb6 24.Bc2 Rd8 25.Bb3 Bb4 26.Ne2 Qd6 27.Rc1 Rc8 28.Rxc8+ Kxc8
29.Nf4 Qc6 30.Qh1 Qb5 31.Nxd5 Nxd5 32.Bxd5 Qe2 33.Qc1+ Kb8 34.Bxf7 Qe1 35.Kb1 Bd2
36.Qxe1 Bxe1 37.Kc2 Bxf2 38.Kd3 g5 39.e4 Kc7 40.b4 Kd6 41.a4 b6 42.Kc4 a5
43.bxa5 bxa5 44.d5 Be1  1/2-1/2

[Event "MTO"]
[Site "Biel SUI"]
[Date "2001.07.25"]
[Round "3"]
[White "Mikhalevski,V"]
[Black "Zollbrecht,J"]
[Result "1/2-1/2"]
[WhiteElo "2501"]
[BlackElo "2306"]

1.d4 Nf6 2.Bg5 d5 3.e3 e6 4.Nd2 c5 5.c3 Nc6 6.f4 Qb6 7.Rb1 Bd6 8.a3 cxd4
9.cxd4 Ne4 10.Nxe4 dxe4 11.Ne2 h6 12.Bh4 g5 13.Bg3 gxf4 14.Bxf4 Bxf4 15.Nxf4 e5
16.Nd5 Qa5+ 17.Nc3 exd4 18.exd4 Be6 19.Bb5 O-O-O 20.Bxc6 bxc6 21.O-O Qb6
22.Kh1 Qxd4 23.Qe2 e3 24.Rf3 Rhg8 25.Rxe3 Bc4 26.Qf3 Rg6 27.Rbe1 Rf6 28.Qg3 Qf4
29.Qxf4 Rxf4 30.Re4 Rxe4 31.Rxe4 Be6 32.Kg1 Rd2 33.Re2 Rxe2 34.Nxe2 Kc7 35.Kf2 Kd6
36.Ke3 Kc5 37.Nd4 Bd5 38.Nf5 h5 39.Ng3 Bxg2 40.Nxh5 Bh3 41.Nf4 Bf5 42.Ne2 Bh7
43.Nd4 Kc4 44.Nxc6 Kb3 45.Nxa7 Kxb2 46.Nb5 Kb3 47.Kd4 Bg6 48.h4 Ka4 49.Nc3+ Kxa3
50.Nd5 Bh5 51.Nf6 Bd1 52.Kc3 Bf3 53.Kc4 Be2+ 54.Kd4 Kb4 55.Nd5+ Ka5 56.Ke5 Ka6
57.Kf4 Kb7 58.Nc3 Bh5 59.Kg5 Bf3 60.Nb5 Kc8 61.Kf6 Kd7 62.Kxf7 Bh5+ 63.Kf6 Ke8
64.Kg7 Ke7 65.Nd4 Bd1 66.Nf5+ Ke6 67.Ne3 Be2 68.Kg6 Ke7 69.Nd5+ Kf8 70.Nf6 Ke7
71.Kg5 Kf7 72.Ng4  1/2-1/2

[Event "Politiken Cup"]
[Site "Copenhagen DEN"]
[Date "2001.07.25"]
[Round "11"]
[White "Berg,K"]
[Black "Greiff,H"]
[Result "1-0"]
[WhiteElo "2438"]
[BlackElo "2299"]

1.d4 d5 2.Bg5 Nf6 3.e3 e6 4.Nd2 Be7 5.Ngf3 Nbd7 6.Bd3 c5 7.c3 b6 8.O-O Bb7
9.Ne5 Nxe5 10.dxe5 Nd7 11.Bxe7 Qxe7 12.f4 f6 13.exf6 gxf6 14.e4 O-O-O 15.Qe2 Qd6
16.exd5 exd5 17.Rae1 h5 18.Qe7 Kc7 19.Bf5 Qxe7 20.Rxe7 Bc6 21.Rfe1 Rdg8 22.R1e6 d4
23.Ne4 Kd8 24.Rf7 Bd5 25.Rd6 Bxf7 26.Rxd7+  1-0

[Event "EuChJun Boys"]
[Site "Patras GRE"]
[Date "2001.07.25"]
[Round "9"]
[White "Pert,R"]
[Black "Dziuba,M"]
[Result "0-1"]
[WhiteElo "2245"]
[BlackElo "2471"]

1.d4 Nf6 2.Bg5 c5 3.Bxf6 gxf6 4.d5 Qb6 5.Qc1 f5 6.e3 Bg7 7.c3 Na6 8.Bc4 Nc7
9.Qd2 e6 10.Nh3 exd5 11.Bb3 d6 12.Nf4 Be6 13.Ba4+ Ke7 14.O-O Be5 15.Na3 Rag8
16.Rab1 Qa5 17.Bb3 Bxf4 18.exf4 Rg6 19.Rfe1 Kd7 20.Bd1 d4 21.Nc2 dxc3 22.bxc3 Qxa2
23.Bf3 Bd5 24.Bxd5 Qxd5 25.Qxd5 Nxd5 26.Rxb7+ Kc6 27.Rxa7 Re6 28.Ra6+ Kd7
29.Ra7+ Kc6 30.Ra6+ Kc7 31.Ne3 Nxc3 32.Ra7+ Kc6 33.Kf1 d5 34.Rc1 d4 35.Nxf5 Rb8
36.Rxf7 d3 37.Ne7+ Kb5 38.Nd5 Nxd5  0-1

[Event "Dutch Open"]
[Site "Dieren NED"]
[Date "2001.07.26"]
[Round "9"]
[White "Moiseenko,A"]
[Black "Dvoirys,S"]
[Result "1/2-1/2"]
[WhiteElo "2581"]
[BlackElo "2578"]

1.d4 Nf6 2.Bg5 c5 3.Bxf6 exf6 4.Nc3 cxd4 5.Qxd4 Nc6 6.Qe4+ Be7 7.e3 O-O 8.Bc4 Bb4
9.Ne2 Re8 10.Qd5 Ne5 11.Bb3 Rb8 12.O-O b5 13.Rfd1 a6 14.Qd4 Bf8 15.Ng3 Bb7
16.Nd5 Rc8 17.a4 Nc4 18.axb5 axb5 19.Ra7 Bc6 20.Bxc4 bxc4 21.Nb6 Rc7 22.Nxc4 Bb5
23.Rxc7 Qxc7 24.Nd6 Bxd6 25.Qxd6 Qxc2 26.Qd2 Rc8 27.h3 g6 28.Qxc2 Rxc2 29.Rb1 f5
30.b4 Kf8 31.Nf1 Ke7 32.Nh2 Be2 33.b5 Kd8 34.Nf3 Bxf3 35.gxf3 Kc7 36.b6+ Kb7
37.Rd1 Kxb6 38.Rxd7 Rc7 39.Rd8 Kc6 40.Kg2 Rd7 41.Rh8 h5 42.Kg3 Kd6 43.Re8 Re7  1/2-1/2

[Event "Open"]
[Site "Novosibirsk RUS"]
[Date "2001.07.26"]
[Round "8"]
[White "Mikhalev,V"]
[Black "Maltsev,Vl"]
[Result "1/2-1/2"]
[WhiteElo "2183"]
[BlackElo "2234"]

1.d4 Nf6 2.Bg5 g6 3.c4 Bg7 4.Nc3 O-O 5.e4 d6 6.Be2 Na6 7.Nf3 e5 8.d5 h6 9.Bh4 c5
10.Nd2 Qe8 11.O-O Nh7 12.a3 h5 13.f3 Bh6 14.Rb1 f5 15.exf5 gxf5 16.f4 Bxf4
17.Bxh5 Qd7 18.Kh1 Nf6 19.Bxf6 Rxf6 20.g3 Bxd2 21.Qxd2 Qg7 22.Rf2 Bd7 23.Rbf1 Raf8
24.Bd1 Nc7 25.Bc2 Ne8 26.Nd1 Qf7 27.Ne3 Ng7 28.Ng4 Qg6 29.Nxf6+ Rxf6 30.Qa5 Bc8
31.Qxa7  1/2-1/2

[Event "COQ Open"]
[Site "Quebec CAN"]
[Date "2001.07.27"]
[Round "8"]
[White "Gulko,B"]
[Black "Prahov,V"]
[Result "1/2-1/2"]
[WhiteElo "2602"]
[BlackElo "2224"]

1.d4 Nf6 2.Bg5 g6 3.Bxf6 exf6 4.e3 Bg7 5.c4 O-O 6.Nc3 f5 7.g3 c5 8.Nge2 cxd4
9.Nxd4 Nc6 10.Nde2 Ne5 11.Nd4 d6 12.b3 Bd7 13.Bg2 Bc6 14.O-O Bxg2 15.Kxg2 Nc6
16.Nde2 Qa5 17.Rc1 Rfd8 18.Rc2 Rd7 19.Nd5 Qc5 20.Nec3 Re8 21.Na4 Qa5 22.Qd2 Qd8
23.Rd1 g5 24.Qd3 Re4 25.Nac3 Qe8 26.f3 Re5 27.f4 gxf4 28.gxf4 Nb4 29.Nxb4 Rxe3
30.Qxf5 Rxc3 31.Nd5 Rxc2+ 32.Qxc2 Qe6 33.Kh1 Rd8 34.Rg1 Kh8 35.f5 Qe5 36.Qf2 Qe4+
37.Qg2 Qxg2+ 38.Kxg2 Be5 39.Rh1 Rg8+ 40.Kf3 Rg5 41.Ne3 h5 42.Ke4 b6 43.b4 f6
44.Kd5 Bf4 45.Re1 Bxh2 46.Ke6 Kg7 47.Nd5 Be5 48.c5 bxc5 49.bxc5 dxc5 50.Rb1 h4
51.Rb7+ Kh6 52.Nxf6 Bxf6 53.Kxf6 c4 54.Rc7 Rg2 55.Rxc4 Kh5 56.Ra4 h3 57.Rxa7 Kg4
58.Rh7 Rxa2 59.Kg6 h2 60.f6  1/2-1/2

[Event "GM"]
[Site "Hasselbacken SWE"]
[Date "2001.07.30"]
[Round "3"]
[White "Bellon Lopez,JM"]
[Black "Hermansson,E"]
[Result "1/2-1/2"]
[WhiteElo "2432"]
[BlackElo "2381"]

1.d4 Nf6 2.Bg5 d5 3.Bxf6 exf6 4.e3 Be6 5.Nd2 f5 6.Qf3 c6 7.Bd3 g6 8.Ne2 Nd7
9.Nf4 Nf6 10.h3 Bd6 11.O-O-O a5 12.Rhg1 h5 13.Nxe6 fxe6 14.Qe2 a4 15.c3 a3
16.b3 Qa5 17.b4 Qc7 18.g4 hxg4 19.hxg4 Nxg4 20.Rg2 Qf7 21.Rdg1 Rh6 22.Kc2 Kd7
23.Kb3 Rh2 24.f3 Rxg2 25.Qxg2 Nxe3 26.Qg5 f4 27.Bxg6 Qg8 28.Nb1 Nc4 29.Bd3 Qxg5
30.Rxg5 b5 31.Rg7+ Be7 32.Rg2 Bf6 33.Rh2 e5 34.Bf5+ Kd6 35.Rh6 Rf8 36.dxe5+ Nxe5
37.Nd2 Kc7 38.Kxa3 Nc4+ 39.Nxc4 dxc4 40.Be4 Bxc3 41.Rxc6+ Kd7 42.Rb6 Rf6
43.Rxf6 Bxf6 44.Bc6+ Kxc6  1/2-1/2

[Event "Smith & Williamson ch-GBR"]
[Site "Scarborough HUN"]
[Date "2001.07.31"]
[Round "2"]
[White "D'Costa,L"]
[Black "Crouch,C"]
[Result "1-0"]
[WhiteElo "2155"]
[BlackElo "2407"]

1.d4 Nf6 2.Bg5 d5 3.Bxf6 gxf6 4.c4 c6 5.e3 e6 6.Nc3 f5 7.Nf3 a6 8.Qc2 Nd7
9.O-O-O dxc4 10.Bxc4 b5 11.Bd3 Bb7 12.Kb1 Rg8 13.e4 fxe4 14.Bxe4 b4 15.Ne2 Qb6
16.Ne5 Nxe5 17.dxe5 Be7 18.Ng3 h6 19.f4 Qc5 20.Qe2 a5 21.f5 Bg5 22.Nh5 exf5
23.Bxf5 Kf8 24.h4 Be7 25.g4 b3 26.a3 Bc8 27.Ka1 Bxf5 28.gxf5 Qc2 29.Qxc2 bxc2
30.Rd2 c1=Q+ 31.Rxc1 Bxh4 32.Rxc6 Rg1+ 33.Ka2 Bg5 34.Rd7 Ke8 35.Rcc7 Bd8
36.Nf6+ Bxf6 37.exf6 Ra6 38.Rxf7  1-0

[Event "Pricenet Cup"]
[Site "Olomouc CZE"]
[Date "2001.08.06"]
[Round "7"]
[White "Andres Gonzalez,A"]
[Black "Dudas,Jan"]
[Result "1/2-1/2"]
[WhiteElo "2407"]
[BlackElo "2238"]

1.d4 Nf6 2.Bg5 c5 3.Nc3 d5 4.e3 Nc6 5.dxc5 e6 6.a3 Bxc5 7.Nf3 h6 8.Bh4 O-O
9.Bd3 Be7 10.O-O Qb6 11.Qe2 Rd8 12.h3 e5 13.e4 dxe4 14.Nxe4 Nd4 15.Nxd4 exd4
16.Rae1 Bd7 17.Qf3 Nd5 18.Bxe7 Nxe7 19.Nf6+ Qxf6 20.Qxf6 gxf6 21.Rxe7 Kf8
22.Re2 Re8 23.Rd2 Rac8 24.Rfd1 Rc7 25.f3 f5 26.Kf2 f4 27.Be4 f5 28.Bd3 Re5
29.Bf1 Be6 30.Be2 Ke7 31.Re1 Kf6 32.Rc1 Rec5 33.Rxd4 Rxc2 34.Rxc2 Rxc2 35.Rb4 a5
36.Rb6 Ke5 37.b3 a4 38.Ke1 axb3 39.Bd1 Rb2 40.Rb4 b5 41.Be2 Ra2 42.Bxb5 Rxa3
43.Ba4 Ra1+ 44.Kf2 Ra2+ 45.Kg1 Rb2 46.Kh1 Kd6 47.Rb6+ Ke5 48.Rb4 Bd5 49.Kg1 Rd2
50.Bxb3 Rb2 51.Rb6 Rxb3 52.Rxh6 Rb1+ 53.Kh2 Bc4 54.h4 Rb8 55.Rc6 Kd4 56.Rd6+ Ke3
57.Rf6 Bd3 58.h5 Rh8 59.h6 Kf2 60.Kh3 Rh7 61.Rd6 Bf1 62.Rd2+ Kg1 63.Kh4 Bxg2
64.Kg5 Bxf3 65.Kxf5 Rf7+ 66.Kg6  1/2-1/2

[Event "Smith & Williamson ch-GBR"]
[Site "Scarborough HUN"]
[Date "2001.08.06"]
[Round "7"]
[White "Gallagher,Jo"]
[Black "Knott,S"]
[Result "1-0"]
[WhiteElo "2516"]
[BlackElo "2373"]

1.d4 Nf6 2.Bg5 c5 3.d5 d6 4.Nc3 h6 5.Bxf6 exf6 6.e4 g6 7.Bd3 Bg7 8.Nf3 O-O
9.O-O Nd7 10.Nd2 a6 11.a4 Ne5 12.Be2 f5 13.exf5 gxf5 14.a5 b5 15.axb6 Qxb6
16.Ra2 Re8 17.Kh1 Qd8 18.f4 Ng4 19.Bxg4 fxg4 20.Nce4 f5 21.Ng3 Ra7 22.Nc4 Rf7
23.Qd3 Bf8 24.Raa1 Qf6 25.c3 Qg6 26.Rfe1 Rxe1+ 27.Rxe1 h5 28.Nb6 Bb7 29.Re6 Qh7
30.Kg1 h4 31.Nf1 Qh5 32.Ne3 Bh6 33.g3 hxg3 34.hxg3 Bf8 35.Ng2 Be7 36.Qe3 Qh7
37.Kf2 Qg7 38.Qd3 Qh7 39.Qe3 Qg7 40.Qd3 Qh7 41.Qd1 Kg7 42.Qa4 Qh8 43.Qd7 Qd8
44.Qxb7 Bf8 45.Qc6 Rc7 46.Qe8  1-0

[Event "Open"]
[Site "Olomouc CZE"]
[Date "2001.08.08"]
[Round "8"]
[White "Johansson,Ja"]
[Black "Biolek,R"]
[Result "1/2-1/2"]
[WhiteElo "2370"]
[BlackElo "2434"]

1.d4 Nf6 2.Bg5 d5 3.Bxf6 exf6 4.e3 g6 5.c4 dxc4 6.Bxc4 Bg7 7.Nc3 O-O 8.Nf3 Nd7
9.O-O Nb6 10.Bb3 c6  1/2-1/2

[Event "Smith & Williamson ch-GBR"]
[Site "Scarborough HUN"]
[Date "2001.08.08"]
[Round "9"]
[White "Jackson,A"]
[Black "Conlon,J"]
[Result "1/2-1/2"]
[WhiteElo "2230"]
[BlackElo "2191"]

1.d4 Nf6 2.Bg5 d5 3.Bxf6 exf6 4.e3 Be6 5.Bd3 c5 6.dxc5 Bxc5 7.c3 Nc6 8.Ne2 a6
9.Nd4 Nxd4 10.cxd4 Bd6 11.Nc3 O-O 12.O-O f5 13.Qf3 g6 14.g3 Bb4 15.Ne2 Rc8
16.a3 Ba5 17.Rfc1 Qd6 18.Nf4 Rfd8 19.Bf1 Kg7 20.Bg2 Rc6 21.b4 Bb6 22.Nd3 Rdc8
23.Qd1 Bd8 24.Rxc6 Rxc6 25.Rc1 a5 26.Nc5 b6 27.Nb7 Rxc1  1/2-1/2

[Event "ch-EST"]
[Site "Puhajarve EST"]
[Date "2001.08.09"]
[Round "2"]
[White "Kanep,M"]
[Black "Kveinys,A"]
[Result "1/2-1/2"]
[WhiteElo "2318"]
[BlackElo "2535"]

1.d4 Nf6 2.Bg5 d5 3.Bxf6 exf6 4.e3 Bd6 5.g3 O-O 6.Bg2 c6 7.Ne2 f5 8.O-O Nd7
9.Nf4 Nf6 10.c4 dxc4 11.Nd2 Qe7 12.Nxc4 Bc7 13.Qc2 h5 14.h4 g6 15.Rfe1 Re8
16.Nd3 Be6 17.Nc5 Bd5 18.Bxd5 cxd5 19.Nd2 Rac8 20.Qa4 f4 21.exf4 Qxe1+ 22.Rxe1 Rxe1+
23.Kg2 Bb6 24.Nd3 Re7 25.Ne5 Rec7 26.Ndf3 Rc2 27.Qa3 R8c7 28.f5 Ne4 29.fxg6 Rxf2+
30.Kh3 fxg6 31.Qb3 Re2 32.Qxd5+ Kg7 33.Qe6 Nf2+ 34.Kg2 Ng4+ 35.Kh3 Nf2+ 36.Kg2 Ng4+
37.Kh3  1/2-1/2

[Event "12th Sueder Summer"]
[Site "Recklinghausen GER"]
[Date "2001.08.09"]
[Round "6"]
[White "Haenisch,J"]
[Black "Servaty,R"]
[Result "1/2-1/2"]
[WhiteElo "2057"]
[BlackElo "2255"]

1.d4 Nf6 2.Bg5 d5 3.Nf3 c5 4.dxc5 e6 5.Nc3 Bxc5 6.e4 Qb6 7.Bb5+ Bd7 8.Bxd7+ Nbxd7
9.exd5 Bxf2+ 10.Kf1 O-O 11.dxe6 fxe6 12.Qe2 Ng4 13.Na4 Qc6 14.h3 Nge5 15.Kxf2 Qxa4
16.Kg3 Nxf3 17.gxf3 Qc6 18.Rhe1 Rf7 19.Qxe6 Qxf3+ 20.Kh2 Qf2+ 21.Kh1 Qf3+
22.Kh2  1/2-1/2

[Event "Lost Boys Open"]
[Site "Amsterdam NED"]
[Date "2001.08.12"]
[Round "3"]
[White "Gohil,H"]
[Black "Nemet,I"]
[Result "1-0"]
[WhiteElo "2307"]
[BlackElo "2427"]

1.d4 Nf6 2.Bg5 d5 3.Bxf6 exf6 4.e3 Bd6 5.Bd3 O-O 6.Nd2 Re8 7.Qf3 c5 8.Qxd5 Be6
9.Qxb7 Nd7 10.Qc6 Bf8 11.Ne2 Rc8 12.Qf3 cxd4 13.exd4 Qb6 14.O-O Qxb2 15.Rfb1 Qa3
16.h3 Nb6 17.Bb5 Red8 18.Qxa3 Bxa3 19.c3 g6 20.Bd3 Na4 21.Rb7 Bb2 22.Rb1 Bxc3
23.Rxa7 Bxa2 24.Rxa4 Bxb1 25.Nxb1 Bb2 26.Nd2 Rc7 27.Nf3 h5 28.Rb4 Ba3 29.Rb3 Bd6
30.g3 g5 31.Bf5 Re8 32.Kf1 Ra7 33.Nc3 Ra5 34.g4 Bf4 35.Kg2 h4 36.d5 Ra1 37.Ne4 Kg7
38.d6 Rd1 39.d7 Rd8 40.Nc5 Bc7 41.Nb7 Rb8 42.Rb5 Ra8 43.Rb2 Rb8 44.Rb3 Ra8
45.Rc3 Bb6 46.Rc6  1-0

[Event "I American Continental"]
[Site "Cali COL"]
[Date "2001.08.12"]
[Round "3"]
[White "Cueto,J BOL"]
[Black "Arias,D"]
[Result "1-0"]
[WhiteElo "2363"]
[BlackElo "2117"]

1.d4 Nf6 2.Bg5 d5 3.Nf3 Nbd7 4.e3 h6 5.Bh4 e6 6.Bd3 c5 7.c3 Be7 8.Nbd2 O-O
9.O-O b6 10.Ne5 Nxe5 11.dxe5 Nd7 12.Bg3 Bb7 13.f4 c4 14.Bc2 Nc5 15.Nf3 Ne4
16.Nd4 Bh4 17.Qg4 Bxg3 18.hxg3 Qe7 19.Bxe4 dxe4 20.Kf2 f5 21.Qg6 Bd5 22.Rh1 Qf7
23.Rxh6 Qxg6 24.Rxg6 Kf7 25.Rg5 a6 26.Rd1 g6 27.g4 Rad8 28.gxf5 gxf5 29.Rh5 Kg7
30.Rdh1 Rh8 31.Rxh8 Rxh8 32.Rxh8 Kxh8 33.g4 fxg4 34.Kg3 Kg7 35.Kxg4 Kg6 36.f5+ exf5+
37.Kf4 Kf7 38.Kxf5 b5 39.e6+ Ke7 40.Ke5 Bb7 41.Nf5+  1-0

[Event "TCh-ESP Div 2"]
[Site "Vila Real ESP"]
[Date "2001.08.14"]
[Round "2"]
[White "De la Villa Garcia,J"]
[Black "Pinero Fernandez,X"]
[Result "1-0"]
[WhiteElo "2470"]
[BlackElo "2191"]

1.d4 Nf6 2.Bg5 d5 3.e3 Bf5 4.Bxf6 gxf6 5.Ne2 h5 6.c4 c6 7.cxd5 cxd5 8.Nbc3 e6
9.Nf4 Nc6 10.Nxh5 Bd6 11.Ng7+ Kf8 12.Nxf5 exf5 13.g3 Qb6 14.Qb3 Nb4 15.O-O-O a5
16.Kb1 a4 17.Nxa4 Qa5 18.a3 Qxa4 19.Qxa4 Rxa4 20.axb4 Rxb4 21.Bd3 f4 22.gxf4 Ke7
23.h4 Ke6 24.h5 f5 25.h6 Rb6 26.h7 Ba3 27.Rd2  1-0

[Event "TCh-ESP Div 2"]
[Site "Vila Real ESP"]
[Date "2001.08.15"]
[Round "3"]
[White "Rogers,I"]
[Black "Cardenas Valero,J"]
[Result "1-0"]
[WhiteElo "2538"]
[BlackElo "2265"]

1.d4 Nf6 2.Bg5 d5 3.e3 c6 4.Bd3 Nbd7 5.Nf3 g6 6.O-O Bg7 7.c4 O-O 8.Nc3 a6
9.cxd5 cxd5 10.Qb3 h6 11.Bf4 e6 12.Rfc1 Nh5 13.Bd6 Re8 14.a4 Bf8 15.Bxf8 Rxf8
16.Rc2 b6 17.Rac1 Bb7 18.Ne2 Nhf6 19.Qa3 Ne4 20.Bxe4 dxe4 21.Nd2 Nf6 22.Nc4 Rc8
23.Qb3 Rc6 24.Nc3 Nd7 25.Nd2 Nf6 26.Ncxe4 Nxe4 27.Nxe4 Rxc2 28.Qxc2 Kg7 29.Nc3 Qg5
30.f4 Qg4 31.h3 Qh5 32.e4 Rc8 33.Rf1 b5 34.Qd3 b4 35.Ne2 Qa5 36.b3 f5 37.exf5 exf5
38.Qe3 Be4 39.Rc1 Rxc1+ 40.Qxc1 Qd5 41.Qc7+ Kg8 42.Qb8+ Kf7 43.Qa7+ Ke8 44.Qxa6 Qxb3
45.Qxg6+ Ke7 46.Qg7+ Ke8 47.Qe5+ Kf7 48.Qc7+ Ke8 49.Kf2 Qxa4 50.d5 Qd7 51.Qb8+ Kf7
52.d6 Ke6 53.Qxb4 Qxd6 54.Nd4+ Kd5 55.Qxd6+ Kxd6 56.g3 h5 57.Ke3 Kd5 58.Nf3 Bc2
59.Ng5 Ba4 60.Nh7 Ke6 61.Kd4 Bb3 62.Kc5 Bd1 63.Ng5+ Kf6 64.h4 Be2 65.Kd6 Bc4
66.Nf3 Bb3 67.Nd4 Ba2 68.Nc6 Bb1 69.Nb4 Be4 70.Nd5+ Kf7 71.Ke5 Bb1 72.Nf6 Kg6
73.Ke6 Bc2 74.Nd5 Bb3 75.Ke5  1-0

[Event "TCh-ESP Div 2"]
[Site "Vila Real ESP"]
[Date "2001.08.15"]
[Round "3"]
[White "Mellado Trivino,J"]
[Black "Gomez Esteban,J"]
[Result "1/2-1/2"]
[WhiteElo "2451"]
[BlackElo "2501"]

1.d4 Nf6 2.Bg5 d5 3.Bxf6 exf6 4.e3 Bd6 5.c4 dxc4 6.Bxc4 O-O 7.Nc3 c6 8.Nf3 Nd7
9.h3 f5 10.Qc2 g6 11.O-O Qe7 12.g4 Nb6 13.Bb3  1/2-1/2

[Event "WJun"]
[Site "Athens GRE"]
[Date "2001.08.17"]
[Round "2"]
[White "Aronian,L"]
[Black "Guidarelli,L"]
[Result "1/2-1/2"]
[WhiteElo "2562"]
[BlackElo "2323"]

1.d4 Nf6 2.Bg5 d5 3.Bxf6 exf6 4.e3 Be6 5.Nf3 c6 6.Nbd2 Nd7 7.c4 Bd6 8.Qb3 Rb8
9.cxd5 cxd5 10.g3 O-O 11.Bd3 f5 12.Nh4 g6 13.Ng2 Nf6 14.f3 Qa5 15.Qb5 Qxb5
16.Bxb5 Rbc8 17.Bd3 Rc7 18.Nf4 Rcc8 19.a3 Bd7 20.Ne2 Kg7 21.Kf2 h5 22.h4 a6
23.Nc3 Bc6 24.Nb3 Nd7 25.Na5 Nb6 26.Nxc6 Rxc6 27.Rhb1 Be7 28.Ne2 Bd6 29.Nc3 Be7
30.Bf1 Kf6 31.Re1 Rd8 32.Rac1 Rdc8 33.Ra1 Rd8 34.Rac1 Rdc8 35.Rb1 Rd8 36.Rec1 Rdc8
37.Rd1 Kg7 38.Bd3 Rd8 39.Rdc1 Rdc8 40.Ke2 Bd6 41.Rg1 Re8 42.f4 Kf6  1/2-1/2

[Event "Rubinstein Open"]
[Site "Polanica Zdroj POL"]
[Date "2001.08.18"]
[Round "3"]
[White "Eidelson,R"]
[Black "Machaj,B"]
[Result "1-0"]
[WhiteElo "2307"]
[BlackElo "2153"]

1.d4 Nf6 2.Bg5 g6 3.Bxf6 exf6 4.e3 d5 5.Nf3 Bd6 6.c4 dxc4 7.Bxc4 O-O 8.O-O Nd7
9.Nc3 Nb6 10.Bb3 f5 11.Qd2 Bd7 12.e4 fxe4 13.Nxe4 Bc6 14.Qh6 Bxe4 15.Ng5  1-0